Statistics for African Mainland Countries With Smallest Population

Click here to take the quiz!

General Stats

  • This quiz has been taken 87 times
  • The average score is 12 of 15

Answer Stats

PopAnswer% Correct
2.0 millLesotho
98%
1.5 millGambia
95%
906000Djibouti
93%
1 millSwaziland
93%
504000Equatorial Guinea
91%
5.8 millEritrea
88%
1.3 millGabon
88%
1.58 millGuinea Bissau
85%
2.0 millNamibia
84%
1.8 millBotswana
80%
4.1 millLiberia
77%
3.0 millMauritania
75%
4.0 millRepublic of the Congo
65%
6.0 millLibya
54%
4.2 millCentral African Republic
41%

Score Distribution

Percentile by Number Answered

Percent of People with Each Score

Your Score History

You have not taken this quiz